000 02160cam a22001934a 4500
005 20250605164340.0
008 250528s ||||||||||||||||||||||||d
035 _a23570
040 _aGR-AtMCL
_bgre
_dGR-AtMCL
_eAACR2
245 1 _aΕταιρίκη Διακυβέρνηση/ Επιπτώσεις στην Απόδοση της Επιχείρησης και στην Οικονομία.
260 _c2013
300 _a65
520 _aΕισαγωγή, Έννοια της Εταιρικής Διακυβέρνησης, Ανάλυση Αρμοδιοτήτων Εταιρικής Διακυβέρνησης, Σχέση της Αντιπροσωπεύσης και Κόστος Αντιπροσώπευσης, Θεωρία της Επιτροπείας - Επιμελητείας, Θεωρία της Ηγεμονίας, Κύρια Συστήματα Διακυβέρνησης (Εξωτερικό - Εσωτερικό), Εξωτερικό Αγγλοσαξονικό Σύστημα και Κλυρια Χαρακτηριστηκά, Εσωτερικό ή Υπειρώτικο Σύστημα (Ευρωπαϊκό Σύστημα), Μέτοχοι και Έταιροι (STAKEHOLDERS), Ομάδες Stakeholders, Εσωτερικός Έλεγχος και Διοίκηση Εταιριών (Διοικητικά Συμβούλια), Ρόλος Διοικητικών Συμβούλων, Επιχειρησιακής Στρατηγικής και Διακρίσεις Μελών Δ.Σ, Επιτροπές Ελέγχου και Εταιρική Διακυβέρνηση, Σλυστημα Εσωτερικού Ελέγχου και Εταιρική Διακυβέρνηση, Καθορισμός Δικλειδών Ασφαλείας στην Πολιτική και στις Διαδικασίες των Επιχειρήσεων, Λόγοι Διενέργειας Απατών, Περιπτώσεις Μεγάλων Εταιρικών Σκανδάλων, Συμπέρασμα, Βιβλιογραφία.
700 1 _aΓωγός Στυλιανός
_99154
700 1 _aΜαυρίδη Μιχαήλ
_99156
942 _cDS
999 _c8571
_d8571